000 00273nam a22001097a 4500
008 160704b xxu||||| |||| 00| 0 eng d
100 _91931
_a Guy, R
245 _aMirror of her Own
260 _aN.Y
_b Delacorte Press
_c1981
300 _aMirror of her Own
942 _2ddc
_cBK
999 _c1633
_d1633